000 00455cac a22001571u 4500
008 081204s2004 at |||||r|||| 00| 0 eng d
020 _a1844800296 (pbk)
082 _a657
_bRIA
245 _aAccounting theory/
_cAhmed Riahi-Belkaoui
250 _a5th ed.
260 _aAustralia :
_bThomson,
_c2004.
300 _ax, 598 p. ;
_c 25 cm.
504 _6Includes bibliographical references and index.
650 _aAccounting
_933333
942 _cBB
_k657RIA
_2ddc
999 _c337
_d337